| 000 | 00844nam0a22002651 4500 | ||
|---|---|---|---|
| 001 | v19\rc\1827479 | ||
| 005 | 20260406220227.0 | ||
| 035 | _a(NLR Aleph) 004923914 | ||
| 090 |
_a5607602 _c5607602 |
||
| 100 | _a20071224d1908 |||y0rusy50 ca | ||
| 101 | 0 | _arus | |
| 102 | _aRU | ||
| 105 | _ay z ||||| | ||
| 200 | 1 |
_aУстав общества потребителей "Арач" _e[Утв. 15 окт. 1908 г.] |
|
| 210 |
_aБаку _d1908 |
||
| 215 | _a20 с. | ||
| 532 | 1 | 3 | _aУстав общества потребителей Арач |
| 710 | 0 | 2 |
_a"Арач", общество потребителей _cБаку _3RU\NLR\AUTH\889974566 _9446042 |
| 801 | 0 |
_aRU _bNLR _gpsbo |
|
| 801 | 0 |
_aRU _bRuMoRGB _2psbo |
|
| 801 | 1 |
_aRU _bProSoft-M _2rusmarc |
|
| 852 |
_aNLR _j34.48.8.1213 |
||
| 899 |
_aRuMoRGB _jV 74/3313 |
||
| 942 | _cBOOK | ||
| 980 | _aNB | ||